Ľudské práva v OSN po novom
Po intenzívnych niekoľkomesačných rokovaniach 15. marca 2006 prijalo Valné zhromaždenie väčšinou rezolúciu o vytvorení Rady ľudských práv, ktorá nahradila často kritizovanú Komisiu ľudských práv. Informácia o zamýšľanom organizačnom modeli uplatňovania problematiky rozvoja a ochrany ľudských práv a...
Guardado en:
| Autor principal: | |
|---|---|
| Formato: | Capítulo de libro |
| Lenguaje: | eslovaco |
| Materias: | |
| Etiquetas: |
Sin Etiquetas, Sea el primero en etiquetar este registro!
|
MARC
| LEADER | 00000naa$a2200000$$$4500 | ||
|---|---|---|---|
| 001 | 0058525 | ||
| 005 | 20220729110327.4 | ||
| 041 | 0 | |a slo | |
| 044 | |a SK | ||
| 245 | 1 | 0 | |a Ľudské práva v OSN po novom |c Juraj Králik |
| 520 | |a Po intenzívnych niekoľkomesačných rokovaniach 15. marca 2006 prijalo Valné zhromaždenie väčšinou rezolúciu o vytvorení Rady ľudských práv, ktorá nahradila často kritizovanú Komisiu ľudských práv. Informácia o zamýšľanom organizačnom modeli uplatňovania problematiky rozvoja a ochrany ľudských práv a demokracie v systéme OSN. | ||
| 610 | 2 | 0 | |a práva ľudské |
| 610 | 2 | 0 | |a ochrana ľudských práv |
| 610 | 2 | 0 | |a spolupráca medzinárodná |
| 610 | 2 | 0 | |a vzťahy medzinárodné |
| 610 | 2 | 0 | |a demokracia |
| 100 | 1 | |a Králik, Juraj | |